Sports Quiz

Random Sports or NFL Quiz
Score 0/12 Timer 10:00
0 Plays Today
Hint Answer % Correct
1???
88.5%
Worst???
88.5%
Hail mary???
88.5%
Neon green???
78.8%
Big b???
78.8%
Best running ???
75%
Gold???
75%
C???
73.1%
Tall???
71.2%
Horse???
67.3%
Qb speed running rookie???
5.8%
Fire???
3.8%
Remove Ads.
Support Sporcle.
Get the best of Sporcle when you Go Orange. This ad-free experience offers more features, more stats, and more fun while also helping to support Sporcle. Thank you for becoming a member.

You're not logged in!

Compare scores with friends on all Sporcle quizzes.
OR
Log In

Show Comments

Extras

Created Dec 15, 2018ReportNominate
Tags:NFL Quiz, team

Top Quizzes Today


Score Distribution

Your Account Isn't Verified!

In order to create a playlist on Sporcle, you need to verify the email address you used during registration. Go to your Sporcle Settings to finish the process.

Report this User

Report this user for behavior that violates our Community Guidelines.

Details: